Hybridné modely pracovných režimov v podnikoch diplomová práca

Uložené v:
Podrobná bibliografia
Hlavný autor: Štaffen, Richard
Korporativný autor: Fakulta podnikového manažmentu EU. Katedra manažmentu
Ďalší autori: Joniaková, Zuzana, 1970-
Médium: Kniha
Jazyk:Slovak
Vydavateľské údaje: Bratislava 2024
Tagy: Pridať tag
Žiadne tagy, Buďte prvý, kto otaguje tento záznam!

MARC

LEADER 00000nbm a2200000 4500
001 0300922
005 20250211130416.4
041 0 |a slo 
044 |a SK 
245 1 0 |a Hybridné modely pracovných režimov v podnikoch  |b diplomová práca  |c Richard Štaffen ; školiteľ: Zuzana Joniaková 
264 1 |a Bratislava  |c 2024 
300 |a 89 s. 
100 1 |a Štaffen, Richard 
700 1 |a Joniaková, Zuzana, 1970- 
710 2 |a Fakulta podnikového manažmentu EU. Katedra manažmentu